Las Posiciones políticas de las corrientes sindicales nicaragüenses /
Se ahonda en la relación existente entre los partidos políticos y las centrales sindicales, se ven a estas últimas como organismos de masas que intentan " encuadrar a los sectores laborales, a la clase trabajadora concretamente" Se agrega que los partidos políticos se conforman de los sect...
Na minha lista:
| Autor principal: | |
|---|---|
| Autor Corporativo: | |
| Formato: | Anais de Congresso |
| Idioma: | Spanish |
| Assuntos: | |
| Tags: |
Adicionar Tag
Sem tags, seja o primeiro a adicionar uma tag!
|
MARC
| LEADER | 00000 a a2200000 04500 | ||
|---|---|---|---|
| 001 | 882 | ||
| 003 | cru IIS | ||
| 005 | 20210729131043.0 | ||
| 008 | 210729b |||||||| |||| 00| 0 spa d | ||
| 040 | |c cru IIS | ||
| 100 | 1 | |a Villagra G., William |e Autor | |
| 245 | 1 | 4 | |a Las Posiciones políticas de las corrientes sindicales nicaragüenses / |c William Villagra G. |
| 500 | |a Colección Centroamérica | ||
| 520 | |a Se ahonda en la relación existente entre los partidos políticos y las centrales sindicales, se ven a estas últimas como organismos de masas que intentan " encuadrar a los sectores laborales, a la clase trabajadora concretamente" Se agrega que los partidos políticos se conforman de los sectores más representativos del proyecto politico e ideológico de un sector social determinado. De esta forma se agrega existe una relación estrecha entre ambos, son organismos de masas, siendo las centrales sindicales la razón de ser y la base de muchos partidos políticos principalmente de ideología socialista. Asímismo no todas las centrales son representantes de las clases obrera y trabajadora, pues unas son utilizadas por la clase dirigente y " por el imperialismo que instrumentalizan la política e ideológicamente a sectores de la clase trabajadora, para que abracen, luchen y defiendan un proyecto económico y político que no es el de su clase". Mientras que otras centrales si tienen el deseo de defender a los de su clase, carecen de la capacidad política y estratégica para hacerlo. Se indica que detrás de las centrales sindicales y sus luchas se encuentran posiciones políticas en donde la práctica y la historia van demostrando cuáles eran y cuáles son las posiciones verdaderamente revolucionarias. LOB/LOB | ||
| 650 | |a PUB.IIS | ||
| 650 | |a SINDICALISMO | ||
| 650 | |a IDEOLOGIAS | ||
| 650 | |a GRUPOS DE INTERESES | ||
| 650 | |a MOVIMIENTOS SOCIALES | ||
| 650 | |a ASPECTOS POLITICOS | ||
| 711 | 2 | |9 10053 |a Congreso de Sociología Centroamericano: Blas Real Espinales |c (Managua, Nicaragua : |d 1980 julio 1-5) | |
| 773 | |g número 6; páginas 83-88 | ||
| 773 | 0 | |0 18765 |9 5562 |a Universidad de Costa Rica. |d San José, Costa Rica: Editorial Universidad de Costa Rica, 1974- |o 21383 |t Anuario de Estudios Centroamericanos / |x 03777316 | |
| 942 | |2 ddc |c PP | ||
| 999 | |c 20503 |d 20503 | ||
